00431nam a2200121 a 450000500170000000800410001705000220005810000190008024501250009926000460022444000240027065000150029420140414131851.0100802s19uu xx 00 eng d aM 509.2bB45 2007 aBerger, Melvin aDid it take creativity to find relativity, Albert Einstein? /cMelvin and Gilda Berger ; illustrated by Brandon Dorman. aNew York :bScholastic Nonfiction,c2007. aScience supergiants aScientists